Auditoría del sistema de gestión ambiental implementado en una empresa de almacenamiento y envasado de gas LP bajo la norma ISO 14001:1 996
Bewaard in:
| Hoofdauteur: | |
|---|---|
| Formaat: | Boek |
| Gepubliceerd in: |
San José, C.R.
2006
|
| Onderwerpen: | |
| Tags: |
Voeg label toe
Geen labels, Wees de eerste die dit record labelt!
|
MARC
| LEADER | 00000nam a2200000Ia 4500 | ||
|---|---|---|---|
| 003 | 009618 | ||
| 005 | 20221231144126.0 | ||
| 008 | 140114s2006 cr a 000 ||s d | ||
| 040 | |c cru CEDI | ||
| 090 | |a TFG 5160 | ||
| 100 | |a Alfaro Mora, Gayner |9 5818 | ||
| 245 | |a Auditoría del sistema de gestión ambiental implementado en una empresa de almacenamiento y envasado de gas LP bajo la norma ISO 14001:1 996 | ||
| 260 | |c 2006 |a San José, C.R. | ||
| 300 | |a x, 162 hojas : ilustraciones | ||
| 500 | |a Proyecto de graduación (licenciatura en ingeniería química)--Universidad de Costa Rica. Facultad de Ingeniería. Escuela de Ingeniería Química | ||
| 650 | |x GESTION AMBIENTAL |x AUDITORIA AMBIENTAL |x ISO 14001 |x GAS LICUADO DE PETROLEO |9 5819 | ||
| 942 | |c TFG | ||
| 999 | |c 17263 |d 17263 | ||
